[Event "La Pampa-ch"]
[Site "Santa Rosa"]
[Date "2019.10.20"]
[Round "4.3"]
[White "Dalmas Muzi, Juan"]
[Black "Covas, Guillermo"]
[Result "0-1"]
[WhiteElo "1823"]
[BlackElo "2019"]
[PlyCount "47"]
[EventDate "2019.10.18"]
[EventType "tourn"]
[EventRounds "5"]
[EventCountry "ARG"]
[SourceTitle "EXT 2024"]
[Source "ChessBase"]
[SourceDate "2023.10.10"]
[SourceVersion "1"]
[SourceVersionDate "2023.10.10"]
[SourceQuality "1"]

1. d4 Nf6 2. Nf3 g6 3. Nc3 Bg7 4. e4 d6 5. Be3 c6 6. Qd2 b5 7. Bd3 Nbd7 8. Bh6 0-0 9. h4 e5 10. dxe5 Bxh6 11. Qxh6 Ng4 12. Qd2 Ndxe5 13. Nxe5 Nxe5 14. h5 b4 15. hxg6 fxg6 16. Ne2 Qf6 17. f3 Be6 18. Qxb4 Rab8 19. Qxd6 Rxb2 20. Nd4 Nxd3+ 21. cxd3 Bxa2 22. e5 Qf4 23. Qxf8+ Kxf8 24. 0-0 0-1

[Event "La Pampa-ch"]
[Site "Santa Rosa"]
[Date "2019.10.20"]
[Round "5.2"]
[White "Mansilla, Martin"]
[Black "Dalmas Muzi, Juan"]
[Result "1/2-1/2"]
[WhiteElo "2188"]
[BlackElo "1823"]
[PlyCount "65"]
[EventDate "2019.10.18"]
[EventType "tourn"]
[EventRounds "5"]
[EventCountry "ARG"]
[SourceTitle "EXT 2024"]
[Source "ChessBase"]
[SourceDate "2023.10.10"]
[SourceVersion "1"]
[SourceVersionDate "2023.10.10"]
[SourceQuality "1"]

1. d4 Nf6 2. c4 c5 3. d5 e6 4. Nc3 exd5 5. cxd5 d6 6. e4 g6 7. f4 Bg7 8. Bb5+ Nfd7 9. Bd3 0-0 10. Nf3 Na6 11. 0-0 Nc7 12. Re1 Re8 13. Be3 a6 14. a4 Rb8 15. Bf2 b5 16. e5 dxe5 17. d6 Ne6 18. fxe5 b4 19. Nd5 Bb7 20. Bh4 Qa5 21. Ne7+ Kh8 22. Bc4 Rf8 23. Bxe6 fxe6 24. Ng5 c4 25. Nxe6 Qb6+ 26. Kh1 Rf2 27. Bxf2 Qxf2 28. Qg4 Nxe5 29. Qh3 Nd3 30. Nxg6+ Kg8 31. Ne7+ Kh8 32. Ng6+ Kg8 33. Ne7+ 1/2-1/2

[Event "Santa Rosa op 3rd"]
[Site "Santa Rosa"]
[Date "2018.07.08"]
[Round "3.13"]
[White "Baudagna, Rodrigo"]
[Black "Dalmas Muzi, Juan"]
[Result "0-1"]
[WhiteElo "1523"]
[BlackElo "1737"]
[PlyCount "82"]
[EventDate "2018.07.07"]
[EventType "swiss"]
[EventRounds "6"]
[EventCountry "ARG"]
[SourceTitle "EXT 2024"]
[Source "ChessBase"]
[SourceDate "2023.10.10"]
[SourceVersion "1"]
[SourceVersionDate "2023.10.10"]
[SourceQuality "1"]

1. e4 c5 2. Nc3 Nc6 3. Bb5 g6 4. Bxc6 bxc6 5. f4 Bg7 6. Nf3 d6 7. 0-0 Nf6 8. d3 0-0 9. Qe1 Rb8 10. b3 Qa5 11. Bd2 Qb6 12. Kh1 a5 13. a4 Bd7 14. Rb1 Ne8 15. Ne2 Nc7 16. Bxa5 Qb7 17. Bc3 f6 18. Ng3 Be8 19. e5 Nd5 20. exf6 exf6 21. Bd2 Bf7 22. Ne4 Qd7 23. Qg3 Nb4 24. Ne1 f5 25. Ng5 Rfe8 26. Nxf7 Qxf7 27. Bxb4 cxb4 28. Nf3 Re2 29. Rf2 Rbe8 30. Kg1 Qa7 31. Kf1 Qe3 32. Ne5 Rxf2+ 33. Qxf2 Qxf2+ 34. Kxf2 dxe5 35. Ra1 exf4 36. Ra2 Bd4+ 37. Kf3 g5 38. a5 Re3+ 39. Kf2 Rxd3+ 40. Ke2 Re3+ 41. Kd2 Bc3+ 0-1

[Event "Lizarraga Memorial op"]
[Site "Argentina"]
[Date "2017.07.09"]
[Round "4.13"]
[White "Llanos, Joaquin"]
[Black "Dalmas Muzi, Juan"]
[Result "0-1"]
[WhiteElo "1493"]
[BlackElo "1715"]
[PlyCount "48"]
[EventDate "2017.07.08"]
[EventType "swiss"]
[EventRounds "6"]
[EventCountry "ARG"]
[SourceTitle "EXT 2024"]
[Source "ChessBase"]
[SourceDate "2023.10.10"]
[SourceVersion "1"]
[SourceVersionDate "2023.10.10"]
[SourceQuality "1"]

1. e4 c5 2. Nf3 g6 3. Bc4 Nc6 4. Nc3 Bg7 5. d3 d6 6. Be3 e6 7. Qd2 a6 8. a4 Nd4 9. Bxd4 cxd4 10. Ne2 e5 11. Ng3 Qb6 12. Rb1 Bh6 13. Qe2 Qb4+ 14. Nd2 Nf6 15. Bb3 Bg4 16. f3 Bd7 17. Ra1 Rc8 18. Kd1 Be6 19. Ra3 Rc7 20. a5 Bxb3 21. Nxb3 0-0 22. Nf1 Rfc8 23. Ra1 Nd7 24. Ra2 Qxb3 0-1

[Event "Pan American-ch U1700"]
[Site "Carilo Village"]
[Date "2016.10.29"]
[Round "8"]
[White "Etchepareborda, Juan"]
[Black "Dalmas Muzi, Juan"]
[Result "0-1"]
[WhiteElo "1667"]
[BlackElo "1526"]
[PlyCount "90"]
[EventDate "2016.10.25"]
[EventType "swiss"]
[EventRounds "9"]
[EventCountry "ARG"]
[SourceTitle "EXT 2022"]
[Source "ChessBase"]
[SourceDate "2021.10.06"]
[SourceVersion "1"]
[SourceVersionDate "2021.10.06"]
[SourceQuality "1"]

1. c4 Nf6 2. Nc3 g6 3. g3 Bg7 4. Bg2 0-0 5. Nf3 c5 6. 0-0 Nc6 7. d3 d5 8. cxd5 Nxd5 9. Bd2 e5 10. Rc1 Nxc3 11. Bxc3 Bd7 12. a3 Rc8 13. b4 cxb4 14. axb4 Nd4 15. Nxd4 exd4 16. Bd2 Qb6 17. Rb1 Bc6 18. Bh3 Rcd8 19. Qb3 Rfe8 20. Rfe1 Rd5 21. f3 Rb5 22. Kf2 Qd8 23. Qa2 a6 24. Rbc1 Qe7 25. Bf1 Rh5 26. Kg1 Bh6 27. Bxh6 Rxh6 28. Qd2 Rh5 29. Qf4 Qxb4 30. g4 Rhe5 31. Qg3 Re3 32. Rc4 Qe7 33. Rxc6 bxc6 34. h4 Qe5 35. Qg2 Rxd3 36. f4 Qxf4 37. Qxc6 Rde3 38. Bg2 Qg3 39. Rf1 Rxe2 40. Qd5 Qe3+ 41. Kh1 Re7 42. Rf3 Re1+ 43. Bf1 Qe4 44. Qd8+ Re8 45. Qf6 Rxf1+ 0-1

[Event "Pan American-ch U1700"]
[Site "Carilo Village"]
[Date "2016.10.27"]
[Round "4"]
[White "Carrizo, Victor"]
[Black "Dalmas Muzi, Juan"]
[Result "0-1"]
[WhiteElo "1620"]
[BlackElo "1526"]
[PlyCount "70"]
[EventDate "2016.10.25"]
[EventType "swiss"]
[EventRounds "9"]
[EventCountry "ARG"]
[SourceTitle "EXT 2022"]
[Source "ChessBase"]
[SourceDate "2021.10.06"]
[SourceVersion "1"]
[SourceVersionDate "2021.10.06"]
[SourceQuality "1"]

1. e4 c5 2. Nf3 Nc6 3. d4 cxd4 4. Nxd4 g6 5. Nc3 Bg7 6. Be3 Nf6 7. Be2 0-0 8. Qd2 d5 9. exd5 Nxd5 10. Nxd5 Qxd5 11. Bf3 Qc4 12. b3 Qa6 13. Be2 Qa3 14. Nb5 Qb2 15. 0-0 Bf5 16. c3 Qxd2 17. Bxd2 Rfd8 18. Be3 a6 19. Nc7 Rac8 20. Bb6 Rd2 21. Bf3 Bxc3 22. Rac1 Bd4 23. Bxd4 Nxd4 24. Bxb7 Ne2+ 25. Kh1 Rb8 26. Bxa6 Nxc1 27. Rxc1 Rxa2 28. Bc4 Rxf2 29. Kg1 Rb2 30. Nd5 Kf8 31. Ne3 Rb1 32. Rf1 Rxf1+ 33. Kxf1 Be6 34. Ke2 Bxc4+ 35. bxc4 Rd8 0-1

[Event "Pan American-ch U1700"]
[Site "Carilo Village"]
[Date "2016.10.25"]
[Round "1"]
[White "Dalmas Muzi, Juan"]
[Black "Turner, Mauro"]
[Result "1-0"]
[WhiteElo "1526"]
[BlackElo "1696"]
[PlyCount "51"]
[EventDate "2016.10.25"]
[EventType "swiss"]
[EventRounds "9"]
[EventCountry "ARG"]
[SourceTitle "EXT 2022"]
[Source "ChessBase"]
[SourceDate "2021.10.06"]
[SourceVersion "1"]
[SourceVersionDate "2021.10.06"]
[SourceQuality "1"]

1. d4 Nf6 2. Nf3 c5 3. c3 d5 4. Bf4 e6 5. Nbd2 Be7 6. e3 0-0 7. Bd3 b6 8. Ne5 Bb7 9. Qf3 Nfd7 10. Qh3 g6 11. Ndf3 Nxe5 12. Bxe5 Nd7 13. Qh6 Nxe5 14. Nxe5 Bf6 15. f4 Bg7 16. Qh3 Qd6 17. Qg3 Rae8 18. h4 Bxe5 19. fxe5 Qe7 20. h5 g5 21. 0-0 Kh8 22. Rf6 Rg8 23. Raf1 Ref8 24. Qf2 c4 25. Bb1 Bc8 26. Rh6 1-0

[Event "La Pampa Centro de la Republica "]
[Site "La Pampa"]
[Date "2015.10.12"]
[Round "6.3"]
[White "Dalmas Muzi, Juan"]
[Black "De Marzi, Diego"]
[Result "0-1"]
[WhiteElo "1496"]
[BlackElo "2113"]
[PlyCount "82"]
[EventDate "2015.10.09"]
[EventType "team-swiss"]
[EventRounds "6"]
[EventCountry "ARG"]
[SourceTitle "CBM 168 Extra"]
[Source "ChessBase"]
[SourceDate "2015.10.29"]
[SourceVersion "1"]
[SourceVersionDate "2015.10.29"]
[SourceQuality "1"]
[WhiteTeam "Pancho Freites"]
[BlackTeam "Elece Creaciones Masculinas"]
[WhiteTeamCountry "ARG"]
[BlackTeamCountry "ARG"]

1. d4 d5 2. c4 c6 3. cxd5 cxd5 4. Nc3 Nc6 5. Bf4 Nf6 6. e3 a6 7. Bd3 Bg4 8. Qc2 e6 9. a3 Rc8 10. Nf3 Bh5 11. Rc1 Bd6 12. Bxd6 Qxd6 13. Ne5 0-0 14. f4 Bg6 15. 0-0 Bxd3 16. Qxd3 Na5 17. g4 Nd7 18. Rf3 Nxe5 19. fxe5 Qb6 20. Rc2 Qb3 21. Rff2 Nc4 22. g5 b5 23. Qe2 Nxa3 24. bxa3 Rxc3 25. Rxc3 Qxc3 26. a4 Qa1+ 27. Kg2 Qxa4 28. Qh5 g6 29. Qh6 Rc8 30. Rxf7 Kxf7 31. Qxh7+ Ke8 32. Qxg6+ Kd8 33. Qxe6 Qc2+ 34. Kg3 Qc6 35. Qf7 Qd7 36. Qf8+ Kc7 37. Qc5+ Kb7 38. Qb4 Qf7 39. Qd6 Rg8 40. g6 Qf3+ 41. Kh4 Rh8+ 0-1